000 00494nam a2200145Ia 4500
008 100204s9999 xx 000 0 und d
082 _b11500
100 _aशिरवाडकर वसंत
245 _aसागराच्या उदरात
260 _b"पृथ्वी प्रकाशन , मुंबई"
_c1984
300 _a68
630 _aसागराच्या उदरात
730 _aसागराच्या उदरात
942 _cBOOK
999 _c455936
_d455933